[Event "Kiel op 30th"]
[Site "Kiel"]
[Date "2017.08.03"]
[Round "8.19"]
[White "Voelzke, Ferdinand"]
[Black "Sasaki, Yu"]
[Result "0-1"]
[WhiteElo "2134"]
[BlackElo "1723"]
[PlyCount "66"]
[EventDate "2017.07.29"]
[EventType "swiss"]
[EventRounds "9"]
[EventCountry "GER"]
[SourceTitle "EXT 2018"]
[Source "ChessBase"]
[SourceDate "2017.10.13"]
[SourceVersion "1"]
[SourceVersionDate "2017.10.13"]
[SourceQuality "1"]

1. Nf3 d5 2. g3 c6 3. Bg2 Bg4 4. 0-0 e6 5. d3 Bd6 6. c4 Nd7 7. cxd5 cxd5 8. Nc3 a6 9. e4 Ne7 10. exd5 exd5 11. Qa4 Be6 12. Nd4 0-0 13. Nxe6 fxe6 14. Qg4 Nf5 15. Qd1 Bc5 16. Ne2 Qb6 17. b4 Qxb4 18. a4 Qb6 19. a5 Qa7 20. Nf4 Rae8 21. Rb1 Nf6 22. Qb3 Rf7 23. Bb2 Ng4 24. Nxe6 Bxf2+ 25. Kh1 Nxg3+ 26. hxg3 Rxe6 27. Bc1 Re5 28. Bh3 Rh5 29. Kg2 Ne3+ 30. Bxe3 Qxe3 31. d4 Qe4+ 32. Kh2 Rf3 33. Qxb7 Bxg3+ 0-1

[Event "Kiel op 30th"]
[Site "Kiel"]
[Date "2017.08.02"]
[Round "7"]
[White "Schmidt, Peter1111"]
[Black "Voelzke, Ferdinand"]
[Result "0-1"]
[WhiteElo "1949"]
[BlackElo "2134"]
[PlyCount "80"]
[EventDate "2017.07.29"]
[EventType "swiss"]
[EventRounds "9"]
[EventCountry "GER"]
[SourceTitle "EXT 2018"]
[Source "ChessBase"]
[SourceDate "2017.10.13"]
[SourceVersion "1"]
[SourceVersionDate "2017.10.13"]
[SourceQuality "1"]

1. e4 d6 2. d4 Nf6 3. Nc3 e5 4. Nf3 Nbd7 5. Bc4 Be7 6. 0-0 0-0 7. a4 c6 8. a5 Rb8 9. Qe2 b5 10. axb6 axb6 11. h3 b5 12. Bb3 Qc7 13. d5 b4 14. dxc6 bxc3 15. cxd7 Bxd7 16. bxc3 Qxc3 17. Bd2 Qc8 18. Ne1 Bc6 19. f3 Nh5 20. Kh2 Bh4 21. Rg1 Bb5 22. Nd3 Bg3+ 23. Kh1 h6 24. Ra3 Qd8 25. Rga1 Qh4 26. Ra7 Nf4 27. Bxf4 Bxf4 28. Qf2 Bg3 29. Qe2 Bxd3 30. Qxd3 Bf4 31. Kg1 Qg3 32. Kf1 Qh2 33. Qd5 Bg3 34. Rxf7 Qh1+ 35. Ke2 Qxg2+ 36. Kd3 Rxf7 37. Qxf7+ Kh8 38. Ra7 Be1 39. Rb7 Qd2+ 40. Kc4 Qd4+ 0-1

[Event "Kiel op 30th"]
[Site "Kiel"]
[Date "2017.07.30"]
[Round "3"]
[White "Boyens, Birger"]
[Black "Voelzke, Ferdinand"]
[Result "1-0"]
[WhiteElo "1996"]
[BlackElo "2134"]
[PlyCount "97"]
[EventDate "2017.07.29"]
[EventType "swiss"]
[EventRounds "9"]
[EventCountry "GER"]
[SourceTitle "EXT 2018"]
[Source "ChessBase"]
[SourceDate "2017.10.13"]
[SourceVersion "1"]
[SourceVersionDate "2017.10.13"]
[SourceQuality "1"]

1. e4 d6 2. d4 Nf6 3. Nc3 e5 4. Nge2 c6 5. g3 Be7 6. h3 Nbd7 7. Bg2 b6 8. Be3 Bb7 9. Qd2 a6 10. g4 h5 11. g5 Nh7 12. h4 g6 13. f4 exf4 14. Nxf4 Qc7 15. 0-0-0 0-0-0 16. Rhf1 Nhf8 17. Rf2 Rh7 18. Rdf1 f6 19. Nh3 fxg5 20. Nxg5 Bxg5 21. Bxg5 Re8 22. Rf7 Kb8 23. R1f6 Rxf7 24. Rxf7 Ne6 25. Bh3 Bc8 26. Be3 b5 27. Qg2 Nef8 28. Bh6 b4 29. Na4 Ne6 30. Qxg6 Nxd4 31. Bxd7 Bxd7 32. Qh7 Rd8 33. Bg5 Qa5 34. b3 Bc8 35. Bxd8 Qxd8 36. Qg7 Ne6 37. Qg1 c5 38. Qg3 Nd4 39. Kb2 Ka8 40. Qf4 Ne6 41. Qh6 c4 42. Qe3 c3+ 43. Kb1 Nc5 44. Nxc5 dxc5 45. Qd3 Qb6 46. Qd5+ Bb7 47. Rf8+ Ka7 48. Qe5 Qc6 49. Rf5 1-0

[Event "Kiel op-A 29th"]
[Site "Kiel"]
[Date "2016.08.05"]
[Round "9"]
[White "Arndt, Magnus"]
[Black "Voelzke, Ferdinand"]
[Result "0-1"]
[WhiteElo "1870"]
[BlackElo "2159"]
[PlyCount "100"]
[EventDate "2016.07.30"]
[EventType "swiss"]
[EventRounds "9"]
[EventCountry "GER"]
[SourceTitle "EXT 2017"]
[Source "ChessBase"]
[SourceDate "2016.10.25"]
[SourceVersion "1"]
[SourceVersionDate "2016.10.25"]
[SourceQuality "1"]

1. e4 d6 2. d4 Nf6 3. Nc3 e5 4. dxe5 dxe5 5. Qxd8+ Kxd8 6. Bc4 Ke8 7. Nf3 Bd6 8. Bg5 Nbd7 9. 0-0-0 h6 10. Bh4 a6 11. a4 b6 12. Rhe1 Bb7 13. Bxf6 Nxf6 14. Bd5 Nxd5 15. Nxd5 Rd8 16. Re2 Bc6 17. Red2 Rb8 18. b3 b5 19. axb5 axb5 20. Kb2 g6 21. c3 Kf8 22. Ne1 Kg7 23. Ra1 Ra8 24. Rxa8 Rxa8 25. Nc2 f5 26. exf5 gxf5 27. f3 Be8 28. Nce3 Kg6 29. g4 fxg4 30. fxg4 Rd8 31. Nf5 Kg5 32. Nde3 Ba3+ 33. Kc2 Rxd2+ 34. Kxd2 Bf8 35. Ke2 Bf7 36. c4 bxc4 37. bxc4 Kf4 38. h3 c6 39. Ng2+ Ke4 40. Nge3 Be6 41. Ng3+ Kd4 42. Kf3 Kd3 43. h4 Bf7 44. Ngf5 Bg6 45. Ng3 e4+ 46. Kf2 Bc5 47. Ngf1 Bf7 48. h5 Bxc4 49. g5 hxg5 50. h6 Bg8 0-1

[Event "Kiel op 28th"]
[Site "Kiel"]
[Date "2015.07.26"]
[Round "4"]
[White "Neumann, Frank"]
[Black "Voelzke, Ferdinand"]
[Result "0-1"]
[WhiteElo "2027"]
[BlackElo "2149"]
[PlyCount "120"]
[EventDate "2015.07.25"]
[EventType "swiss"]
[EventRounds "9"]
[EventCountry "GER"]
[SourceTitle "CBM 167 Extra"]
[Source "ChessBase"]
[SourceDate "2015.09.14"]
[SourceVersion "1"]
[SourceVersionDate "2015.09.14"]
[SourceQuality "1"]

1. d4 Nf6 2. Nf3 d6 3. c4 Nbd7 4. Nc3 e5 5. e4 Be7 6. Be2 0-0 7. 0-0 c6 8. d5 Nc5 9. Qc2 cxd5 10. cxd5 a5 11. Nd2 Bd7 12. Nb3 b6 13. Nxc5 bxc5 14. Bb5 Ne8 15. Bxd7 Qxd7 16. f4 exf4 17. Bxf4 Bf6 18. Rae1 Bd4+ 19. Kh1 f6 20. Ne2 Be5 21. Bxe5 fxe5 22. Rxf8+ Kxf8 23. Rf1+ Kg8 24. Nc3 Nf6 25. a4 Rf8 26. Nb5 Qd8 27. Kg1 Qb6 28. Qf2 g6 29. g3 Qd8 30. Qe2 Kg7 31. Kg2 Qe7 32. h3 Rc8 33. Rc1 h6 34. Rc3 h5 35. Rb3 Rd8 36. Na3 h4 37. g4 Nh7 38. Nc4 Ng5 39. Rb6 Qf6 40. Qf1 Qxf1+ 41. Kxf1 Nxe4 42. Nxa5 Ra8 43. Rb5 Kf6 44. b3 Nc3 45. Rb6 Rxa5 46. Rxd6+ Ke7 47. Re6+ Kd7 48. Rxg6 Nxd5 49. Rh6 Ra8 50. Rxh4 Rb8 51. g5 Rxb3 52. Re4 Ke6 53. h4 Kf5 54. Re2 Nf4 55. Rc2 Rb1+ 56. Kf2 Rh1 57. Ke3 Rh3+ 58. Kd2 Ne6 59. Rc4 e4 60. a5 Rxh4 0-1

[Event "Oberliga Nord N 1415"]
[Site "Germany"]
[Date "2014.11.09"]
[Round "3.1"]
[White "Groetzbach, Julian"]
[Black "Voelzke, Ferdinand"]
[Result "0-1"]
[WhiteElo "2234"]
[BlackElo "2170"]
[PlyCount "90"]
[EventDate "2014.09.21"]
[EventType "team-tourn"]
[EventRounds "9"]
[EventCountry "GER"]
[SourceTitle "EXT 2016"]
[Source "ChessBase"]
[SourceDate "2015.10.08"]
[SourceVersion "1"]
[SourceVersionDate "2015.10.08"]
[SourceQuality "1"]
[WhiteTeam "Hamburger SK III"]
[BlackTeam "Kiel Turm"]
[WhiteTeamCountry "GER"]
[BlackTeamCountry "GER"]

1. e4 d6 2. d4 Nf6 3. Nc3 e5 4. Nf3 Nbd7 5. Bc4 Be7 6. 0-0 0-0 7. Re1 c6 8. a4 b6 9. d5 Bb7 10. Qe2 cxd5 11. exd5 a6 12. h3 b5 13. axb5 axb5 14. Rxa8 Bxa8 15. Bxb5 Nxd5 16. Nxd5 Bxd5 17. Rd1 Be6 18. Be3 Qc7 19. Ng5 Bf5 20. Ra1 h6 21. Ra7 Qd8 22. Qf3 Bxg5 23. Qxf5 Nf6 24. Bxg5 hxg5 25. c4 Qb6 26. Ra3 Qd4 27. Rg3 Nh7 28. b3 Ra8 29. Rf3 Nf6 30. Qxg5 Ne4 31. Qf5 Rf8 32. Bc6 Qd1+ 33. Kh2 Nd2 34. g3 g6 35. Qd3 Nxf3+ 36. Qxf3 Qxf3 37. Bxf3 Re8 38. Bd1 Kg7 39. Kg2 Kf6 40. Kf3 Ke6 41. Ke3 d5 42. cxd5+ Kxd5 43. Be2 Rc8 44. Bc4+ Kd6 45. Kd2 f5 0-1

[Event "Kiel op-A 27th"]
[Site "Kiel"]
[Date "2014.08.04"]
[Round "5"]
[White "Turner, Matthew"]
[Black "Voelzke, Ferdinand"]
[Result "1-0"]
[WhiteElo "2483"]
[BlackElo "2170"]
[PlyCount "67"]
[EventDate "2014.08.02"]
[EventType "swiss"]
[EventRounds "9"]
[EventCountry "GER"]
[SourceTitle "CBM 161 Extra"]
[Source "ChessBase"]
[SourceDate "2014.08.29"]
[SourceVersion "1"]
[SourceVersionDate "2014.08.29"]
[SourceQuality "1"]

1. d4 Nf6 2. Nf3 d6 3. g3 g6 4. Bg2 Bg7 5. 0-0 0-0 6. c4 Nc6 7. Nc3 e5 8. dxe5 dxe5 9. Nd2 Nd4 10. b3 Re8 11. Bb2 Rb8 12. e3 Ne6 13. Nd5 Nc5 14. Ba3 Bf8 15. b4 Ne6 16. Qb3 c6 17. Nxf6+ Qxf6 18. Ne4 Qg7 19. Rad1 Rd8 20. c5 Be7 21. Nd6 Bd7 22. Bb2 Nc7 23. f4 Be6 24. Qc2 f6 25. fxe5 fxe5 26. Qe4 Bd5 27. Qxe5 Qxe5 28. Bxe5 Bxg2 29. Kxg2 Nd5 30. Rf3 h5 31. e4 Nxb4 32. Rf7 Rxd6 33. Rg7+ Kf8 34. cxd6 1-0

[Event "Bargteheide op"]
[Site "Bargteheide"]
[Date "2014.05.31"]
[Round "5"]
[White "Voelzke, Ferdinand"]
[Black "Dijkhuis, Tycho"]
[Result "0-1"]
[WhiteElo "2172"]
[BlackElo "2248"]
[PlyCount "86"]
[EventDate "2014.05.29"]
[EventType "swiss"]
[EventRounds "7"]
[EventCountry "GER"]
[SourceTitle "CBM 160 Extra"]
[Source "ChessBase"]
[SourceDate "2014.07.01"]
[SourceVersion "1"]
[SourceVersionDate "2014.07.01"]
[SourceQuality "1"]

1. Nf3 d5 2. g3 Bg4 3. Bg2 Nd7 4. d4 e6 5. 0-0 Bd6 6. Nbd2 Ngf6 7. b3 Qe7 8. Bb2 Ba3 9. Qc1 Bxb2 10. Qxb2 c5 11. c4 0-0 12. cxd5 exd5 13. Rfe1 Rfe8 14. Rad1 Rac8 15. dxc5 Nxc5 16. Nb1 Nce4 17. Qd4 a5 18. h3 Bd7 19. Rc1 Rc6 20. e3 Rec8 21. Rxc6 bxc6 22. Nc3 Re8 23. Nxe4 Nxe4 24. Rd1 Bc8 25. Qb2 Qd6 26. Nd2 Ng5 27. Kh2 Nxh3 28. Nf3 Qh6 29. Nh4 Ng5 30. Kg1 Ne4 31. Rd4 g5 32. Bxe4 gxh4 33. Bxh7+ Qxh7 34. Rxh4 Qg7 35. Qd2 Bg4 36. Kg2 Ra8 37. Qc2 Bd7 38. Qc5 Qf6 39. Rf4 Qe5 40. Qc2 Kg7 41. g4 Rh8 42. Qe2 Rh6 43. Qf3 Rf6 0-1

[Event "Oberliga Nord N 1314"]
[Site "Germany"]
[Date "2014.01.19"]
[Round "5.6"]
[White "Kololli, Kevin"]
[Black "Voelzke, Ferdinand"]
[Result "1-0"]
[WhiteElo "1925"]
[BlackElo "2181"]
[PlyCount "131"]
[EventDate "2013.10.13"]
[EventType "team-tourn"]
[EventRounds "9"]
[EventCountry "GER"]
[SourceTitle "EXT 2015"]
[Source "ChessBase"]
[SourceDate "2014.11.20"]
[SourceVersion "1"]
[SourceVersionDate "2014.11.20"]
[SourceQuality "1"]
[WhiteTeam "Luebeck II"]
[BlackTeam "Kiel Turm"]
[WhiteTeamCountry "GER"]
[BlackTeamCountry "GER"]

1. e4 c6 2. c4 d5 3. exd5 cxd5 4. cxd5 Nf6 5. Nc3 Nxd5 6. d4 e6 7. Bd3 Nc6 8. Nf3 Be7 9. 0-0 0-0 10. Re1 Ncb4 11. Bb1 Nf6 12. a3 Nbd5 13. Ne5 Bd7 14. Qd3 Bc6 15. Bg5 g6 16. Bh6 Re8 17. Ba2 Bf8 18. Qh3 Bxh6 19. Qxh6 Re7 20. Rad1 Qf8 21. Qh4 Rd8 22. h3 Rc7 23. Bxd5 Nxd5 24. Nxd5 Bxd5 25. Ng4 f5 26. Nf6+ Kh8 27. Nxd5 exd5 28. Re5 Rdd7 29. Rde1 Kg7 30. Re8 Qf7 31. Qg5 h6 32. Qe3 Kh7 33. b3 Qg7 34. Re5 Qf8 35. a4 a6 36. Re8 Qg7 37. h4 Qf6 38. h5 Rg7 39. Re6 Qg5 40. Qxg5 hxg5 41. R1e5 Rc3 42. Rb6 Rc6 43. hxg6+ Kxg6 44. Rxc6+ bxc6 45. Re6+ Kh5 46. Rxc6 Rb7 47. Rc5 Rxb3 48. Rxd5 Rb1+ 49. Kh2 Kg4 50. a5 Ra1 51. Rc5 Ra2 52. f3+ Kf4 53. d5 Rd2 54. Rc6 Rxd5 55. Rxa6 g4 56. fxg4 fxg4 57. g3+ Kf3 58. Rf6+ Ke3 59. Rf4 Rxa5 60. Rxg4 Rh5+ 61. Kg2 Rh8 62. Ra4 Rh7 63. g4 Rh8 64. Kg3 Rh7 65. g5 Rh1 66. Kg4 1-0

[Event "Kiel op-A 26th"]
[Site "Kiel"]
[Date "2013.07.29"]
[Round "5"]
[White "Voloshin, Leonid"]
[Black "Voelzke, Ferdinand"]
[Result "1/2-1/2"]
[WhiteElo "2427"]
[BlackElo "2193"]
[PlyCount "90"]
[EventDate "2013.07.27"]
[EventType "swiss"]
[EventRounds "9"]
[EventCountry "GER"]
[SourceTitle "EXT 2018"]
[Source "ChessBase"]
[SourceDate "2017.10.13"]
[SourceVersion "1"]
[SourceVersionDate "2017.10.13"]
[SourceQuality "1"]

1. e4 c6 2. d4 d5 3. exd5 cxd5 4. Bd3 Nc6 5. c3 Nf6 6. h3 g6 7. Nf3 Bf5 8. Bxf5 gxf5 9. Qb3 Qb6 10. 0-0 e6 11. Bf4 Be7 12. Nbd2 Ne4 13. Rfe1 Rg8 14. Nf1 Bf6 15. Ng3 Qxb3 16. axb3 Nxg3 17. Bxg3 a6 18. Be5 Bxe5 19. Nxe5 Nxe5 20. Rxe5 0-0-0 21. Rd1 Rd6 22. f3 h5 23. Kh2 h4 24. Re2 b5 25. Re3 f4 26. Re5 f5 27. Rde1 Rg6 28. b4 Kd7 29. Ra1 Rg8 30. Re2 Rc6 31. Ra3 Rb8 32. Ra5 Rbb6 33. Kg1 Ke7 34. Kf2 Kf6 35. Ke1 Kf7 36. Kd2 Kf6 37. Kd3 Kf7 38. Ra3 Kf6 39. Re1 Kf7 40. Raa1 Kf6 41. Rec1 Kf7 42. Rc2 Kf6 43. b3 Rd6 44. Rb1 Rb8 45. Rbb2 Rb7 1/2-1/2

[Event "Oberliga Nord N 1213"]
[Site "Germany"]
[Date "2013.02.03"]
[Round "6.7"]
[White "Wilms, Ingo"]
[Black "Voelzke, Ferdinand"]
[Result "1-0"]
[WhiteElo "2151"]
[BlackElo "2196"]
[PlyCount "85"]
[EventDate "2012.10.14"]
[EventType "team-tourn"]
[EventRounds "9"]
[EventCountry "GER"]
[SourceTitle "EXT 2015"]
[Source "ChessBase"]
[SourceDate "2014.11.20"]
[SourceVersion "1"]
[SourceVersionDate "2014.11.20"]
[SourceQuality "1"]
[WhiteTeam "Koenigsspringer"]
[BlackTeam "Kiel Turm"]
[WhiteTeamCountry "GER"]
[BlackTeamCountry "GER"]

1. d4 Nf6 2. Nf3 g6 3. Bf4 Bg7 4. h3 0-0 5. e3 d6 6. Be2 Nbd7 7. 0-0 Qe8 8. Bh2 e5 9. c4 Qe7 10. Nc3 e4 11. Nd2 Re8 12. Qc2 a6 13. b4 b6 14. Rab1 h5 15. Rfc1 Nf8 16. Nd5 Nxd5 17. cxd5 Ra7 18. Rb3 Nh7 19. Rc3 Bd7 20. Rxc7 Rxc7 21. Qxc7 Rc8 22. Qxc8+ Bxc8 23. Rxc8+ Bf8 24. Bxa6 Kg7 25. Nc4 Qa7 26. b5 Nf6 27. Nxd6 Qd7 28. Rc7 Qxc7 29. Nf5+ gxf5 30. Bxc7 Nxd5 31. Bd8 Bb4 32. Bb7 Nc3 33. Bxb6 Nxb5 34. a4 Nd6 35. Ba6 Bc3 36. g3 Kf6 37. h4 Ke6 38. Be2 f6 39. Bxh5 Nc4 40. Bd8 Kd7 41. Bxf6 Nb2 42. Bf7 Nxa4 43. h5 1-0

[Event "Bad Harzburg op 13th"]
[Site "Bad Harzburg"]
[Date "2012.11.01"]
[Round "5"]
[White "Voelzke, Ferdinand"]
[Black "Kollars, Dmitrij"]
[Result "1-0"]
[WhiteElo "2196"]
[BlackElo "2027"]
[PlyCount "117"]
[EventDate "2012.10.30"]
[EventType "swiss"]
[EventRounds "8"]
[EventCountry "GER"]
[SourceTitle "EXT 2014"]
[Source "ChessBase"]
[SourceDate "2013.11.20"]
[SourceVersion "1"]
[SourceVersionDate "2013.11.20"]
[SourceQuality "1"]

1. Nf3 Nf6 2. g3 g6 3. Bg2 Bg7 4. 0-0 d6 5. d4 0-0 6. c4 Nc6 7. Nc3 a6 8. d5 Na5 9. Nd2 c5 10. Qc2 Rb8 11. b3 b5 12. Bb2 bxc4 13. bxc4 Bh6 14. Ncb1 Bd7 15. Bc3 Qc7 16. Na3 Bg7 17. Qd3 e6 18. Rfe1 Rfe8 19. Rab1 e5 20. e4 Nh5 21. Qe2 Rxb1 22. Rxb1 Nb7 23. Nc2 Bh6 24. Ne3 Rb8 25. Rf1 Rf8 26. Nf5 Bxd2 27. Bxd2 Kh8 28. Ne3 f6 29. f4 Kg8 30. f5 Ng7 31. h4 Be8 32. Kh2 Qe7 33. Bh3 Bd7 34. Ng4 Ne8 35. Bh6 Rf7 36. Be3 Kg7 37. Bd2 Bc8 38. Qe3 gxf5 39. exf5 Kh8 40. Nf2 Qc7 41. Ne4 Qb6 42. Bc3 Qd8 43. Qe2 Rg7 44. g4 Qe7 45. Bd2 Qf7 46. Bh6 Rg8 47. g5 Nd8 48. Qf3 Qe7 49. gxf6 Qb7 50. Bd2 Qb2 51. Rf2 Qa1 52. Bf1 Qb1 53. Bg5 Nf7 54. Bg2 Qb7 55. Qh5 a5 56. Bd2 a4 57. Ng5 Nxg5 58. hxg5 Rf8 59. Be4 1-0

[Event "Bad Harzburg op 13th"]
[Site "Bad Harzburg"]
[Date "2012.10.30"]
[Round "1"]
[White "Voelzke, Ferdinand"]
[Black "Keymer, Vincent"]
[Result "1-0"]
[WhiteElo "2196"]
[BlackElo "1721"]
[PlyCount "117"]
[EventDate "2012.10.30"]
[EventType "swiss"]
[EventRounds "8"]
[EventCountry "GER"]
[SourceTitle "EXT 2014"]
[Source "ChessBase"]
[SourceDate "2013.11.20"]
[SourceVersion "1"]
[SourceVersionDate "2013.11.20"]
[SourceQuality "1"]

1. Nf3 d5 2. g3 c5 3. Bg2 Nc6 4. d4 cxd4 5. Nxd4 e6 6. 0-0 Nf6 7. c4 Bc5 8. Nxc6 bxc6 9. Qc2 Be7 10. Nd2 0-0 11. b3 Bb7 12. Bb2 Rc8 13. e3 Qc7 14. Rac1 Qb8 15. Rfd1 Rfd8 16. h3 h6 17. Kh2 Nh7 18. Nb1 Bf6 19. Nc3 Nf8 20. Ba3 Ng6 21. Kg1 Ne5 22. f4 Ng6 23. e4 d4 24. Na4 e5 25. f5 Nf8 26. Rd3 Nd7 27. Re1 c5 28. h4 Be7 29. Bc1 Qd6 30. Qf2 Nf6 31. Bf3 Nh7 32. Nb2 Kf8 33. Rdd1 Ke8 34. Nd3 Rc6 35. Re2 Nf8 36. Rf1 Nd7 37. g4 Nb8 38. g5 hxg5 39. hxg5 g6 40. Bg4 Bc8 41. Qh4 Bf8 42. fxg6 fxg6 43. Rf6 Qe7 44. Bxc8 Rdxc8 45. Ref2 Nd7 46. R6f3 Qg7 47. Qg4 R8c7 48. Bd2 Ra6 49. Be1 Be7 50. Rh2 Rcc6 51. Bg3 Re6 52. Rff2 Rac6 53. Rh6 Kd8 54. Qh4 Nf8 55. Rh8 Kc8 56. Qh6 Qxh6 57. gxh6 Rf6 58. h7 Kb7 59. Rxf8 1-0

[Event "Kiel op 25th"]
[Site "Kiel"]
[Date "2012.07.30"]
[Round "5"]
[White "Voelzke, Ferdinand"]
[Black "Lanka, Zigurds"]
[Result "1/2-1/2"]
[WhiteElo "2175"]
[BlackElo "2422"]
[PlyCount "107"]
[EventDate "2012.07.28"]
[EventType "swiss"]
[EventRounds "9"]
[EventCountry "GER"]
[SourceTitle "EXT 2015"]
[Source "ChessBase"]
[SourceDate "2014.11.20"]
[SourceVersion "1"]
[SourceVersionDate "2014.11.20"]
[SourceQuality "1"]

1. Nf3 Nf6 2. g3 g6 3. Bg2 Bg7 4. 0-0 0-0 5. c4 d6 6. d4 Nc6 7. Nc3 a6 8. d5 Na5 9. Nd2 c5 10. Qc2 Rb8 11. b3 b5 12. Bb2 e5 13. Nd1 Bf5 14. e4 Bd7 15. Bc3 Nh5 16. Ne3 Bh6 17. Qd3 b4 18. Bb2 Nb7 19. Qe2 f6 20. a4 Qe8 21. Rae1 Nd8 22. Qd1 Nf7 23. Kh1 Bc8 24. Bc1 Ng7 25. f4 Rb7 26. Ng4 Bxg4 27. Qxg4 exf4 28. gxf4 Re7 29. Bb2 Nh5 30. Qh4 Bg7 31. Bh3 Nd8 32. Bg4 Nxf4 33. Rxf4 g5 34. Qh3 gxf4 35. Bf5 h5 36. Rg1 Re5 37. Bg6 Nf7 38. Nf3 Qc8 39. Qh4 Nh6 40. Bxe5 fxe5 41. Qxh5 Qd7 42. Ng5 Rf6 43. Nh7 Rf8 44. Nxf8 Kxf8 45. Bf5 Nxf5 46. Qxf5+ Qxf5 47. exf5 Kf7 48. Rg6 Bf6 49. Kg2 e4 50. Kf1 f3 51. Kf2 Bd4+ 52. Kg3 Be5+ 53. Kf2 Bd4+ 54. Kg3 1/2-1/2

[Event "Kiel op 25th"]
[Site "Kiel"]
[Date "2012.07.29"]
[Round "4"]
[White "Voelzke, Ferdinand"]
[Black "Oettel, Lothar"]
[Result "1-0"]
[WhiteElo "2175"]
[BlackElo "1922"]
[PlyCount "103"]
[EventDate "2012.07.28"]
[EventType "swiss"]
[EventRounds "9"]
[EventCountry "GER"]
[SourceTitle "EXT 2015"]
[Source "ChessBase"]
[SourceDate "2014.11.20"]
[SourceVersion "1"]
[SourceVersionDate "2014.11.20"]
[SourceQuality "1"]

1. Nf3 Nf6 2. c4 g6 3. g3 Bg7 4. Bg2 0-0 5. 0-0 d6 6. d4 c6 7. Nc3 Qc7 8. e4 Bg4 9. h3 Bxf3 10. Qxf3 Nbd7 11. Qe2 a6 12. a4 e5 13. d5 c5 14. Bd2 Rac8 15. Rae1 Rce8 16. Kh2 h6 17. Qd1 Kh7 18. Qc2 Nh5 19. Bf3 Nhf6 20. Be2 Re7 21. Bd3 Nh5 22. Qd1 Nhf6 23. Bc1 Nh5 24. b3 b6 25. Bb2 Qd8 26. Qc2 Ree8 27. Nd1 Bf6 28. Ne3 Bg5 29. Ng2 Qe7 30. Qe2 Bf6 31. Bc2 Bg7 32. Bc3 a5 33. Bd2 Nhf6 34. Ne3 Nb8 35. Bc3 Nfd7 36. Kg2 Rg8 37. Bd2 Rgf8 38. Bb1 Na6 39. Rh1 Nab8 40. Reg1 Nf6 41. Kf1 Nbd7 42. Ke1 Ng8 43. Kd1 Ngf6 44. g4 Ng8 45. h4 Ndf6 46. Bd3 Qd7 47. Qf3 Ne7 48. Qg2 Rg8 49. Be2 Ref8 50. g5 Ne8 51. h5 gxh5 52. Rxh5 1-0

[Event "Kiel op 25th"]
[Site "Kiel"]
[Date "2012.07.28"]
[Round "1"]
[White "Kardoeus, David"]
[Black "Voelzke, Ferdinand"]
[Result "0-1"]
[WhiteElo "1805"]
[BlackElo "2175"]
[PlyCount "98"]
[EventDate "2012.07.28"]
[EventType "swiss"]
[EventRounds "9"]
[EventCountry "GER"]
[SourceTitle "EXT 2015"]
[Source "ChessBase"]
[SourceDate "2014.11.20"]
[SourceVersion "1"]
[SourceVersionDate "2014.11.20"]
[SourceQuality "1"]

1. b3 Nf6 2. Bb2 g6 3. Bxf6 exf6 4. c4 Bg7 5. Nc3 0-0 6. g3 d6 7. Bg2 Nd7 8. e3 f5 9. Nge2 Nf6 10. 0-0 c6 11. d4 Bd7 12. Rb1 h5 13. h4 Ng4 14. Nf4 g5 15. Nxh5 gxh4 16. Qf3 Qg5 17. Nxg7 Kxg7 18. Bh3 Rh8 19. Bxg4 fxg4 20. Qf4 Qg6 21. e4 Rh5 22. Kg2 Re8 23. Rbe1 a6 24. b4 b5 25. c5 dxc5 26. bxc5 b4 27. Na4 Be6 28. Nb6 Bxa2 29. Re2 Be6 30. Ra1 hxg3 31. fxg3 Reh8 32. Rxa6 b3 33. d5 cxd5 34. Na4 d4 35. Rf2 Rh2+ 36. Kf1 Rxf2+ 37. Kxf2 Qf6 38. Rb6 Qxf4+ 39. gxf4 Ra8 40. Rb4 d3 41. f5 g3+ 42. Kxg3 Rxa4 43. Rxa4 b2 44. Rb4 d2 45. fxe6 d1Q 46. e7 Qd7 47. Rb7 Qxb7 48. e8Q b1Q 49. Qe5+ f6 0-1

[Event "Schleswig Holstein-ch Meister"]
[Site "Buesum"]
[Date "2010.03.30"]
[Round "5.5"]
[White "Nickel, Arno"]
[Black "Voelzke, Ferdinand"]
[Result "0-1"]
[WhiteElo "2119"]
[BlackElo "2207"]
[PlyCount "112"]
[EventDate "2010.03.27"]
[EventType "swiss"]
[EventRounds "9"]
[EventCountry "GER"]
[SourceTitle "EXT 2022"]
[Source "ChessBase"]
[SourceDate "2021.10.06"]
[SourceVersion "1"]
[SourceVersionDate "2021.10.06"]
[SourceQuality "1"]

1. e4 c6 2. d4 d5 3. Nd2 dxe4 4. Nxe4 Nd7 5. Nf3 Ngf6 6. Ng3 g6 7. Bc4 Nb6 8. Bb3 Bg7 9. 0-0 0-0 10. h3 Qc7 11. Re1 e6 12. Qe2 c5 13. dxc5 Nbd7 14. c3 Nxc5 15. Bc2 b6 16. Nd4 Bb7 17. Bg5 Nd5 18. Qg4 e5 19. Nde2 Ne6 20. Bd2 Qc6 21. f3 f5 22. Qh4 Rae8 23. Bb3 Nc5 24. Bh6 Nxb3 25. axb3 a5 26. Ra4 Nf6 27. Bxg7 Kxg7 28. Qc4 Qd6 29. Raa1 Bd5 30. Qb5 Rc8 31. Rad1 Qc5+ 32. Qxc5 Rxc5 33. Nc1 e4 34. fxe4 fxe4 35. c4 Bc6 36. Nce2 a4 37. bxa4 Rxc4 38. b3 Rb4 39. Nd4 Bd5 40. Nge2 Re8 41. Rc1 Rd8 42. Red1 Rd7 43. Kf2 e3+ 44. Kg1 Bxb3 45. Rb1 Bxd1 46. Rxb4 Bxe2 47. Nxe2 Rd1+ 48. Kh2 Rd2 49. Ng3 e2 50. Nxe2 Rxe2 51. Rxb6 Ra2 52. Rb4 g5 53. Kg3 Kg6 54. Kf3 Ra3+ 55. Kf2 h5 56. Rd4 h4 0-1